Finančná motivácia občanov k triedeniu komunálneho odpadu už od nového roka
Od roku 2021 bude slovenská legislatíva umožňovať zvýšiť motiváciu občanov triediť komunálny odpad v jednotlivých obciach a mestách. Ide v podstate o uplatňovanie princípu " čím viac vytriediš, tým viac ušetríš", ktorý je presadzovaný v zákone č. 79/2015 Z. z. o odpadoch a o zmene a doplnení niektor...
Salvato in:
| Autore principale: | |
|---|---|
| Natura: | Capitolo di libro |
| Lingua: | slovacco |
| Soggetti: | |
| Tags: |
Nessun Tag, puoi essere il primo ad aggiungerne!!
|
MARC
| LEADER | 00000naa a2200000 4500 | ||
|---|---|---|---|
| 001 | 0269846 | ||
| 005 | 20240502074229.4 | ||
| 041 | 0 | |a slo | |
| 044 | |a SK | ||
| 245 | 1 | 0 | |a Finančná motivácia občanov k triedeniu komunálneho odpadu už od nového roka |c Michal Stričík |
| 520 | |a Od roku 2021 bude slovenská legislatíva umožňovať zvýšiť motiváciu občanov triediť komunálny odpad v jednotlivých obciach a mestách. Ide v podstate o uplatňovanie princípu " čím viac vytriediš, tým viac ušetríš", ktorý je presadzovaný v zákone č. 79/2015 Z. z. o odpadoch a o zmene a doplnení niektorých zákonov v z. n. p. vo väzbe predovšetkým na myšlienku zavedenia rozšírenej zodpovednosti výrobcov. | ||
| 610 | 2 | 0 | |a motivácia |
| 610 | 2 | 0 | |a financie |
| 610 | 2 | 0 | |a hospodárstvo odpadové |
| 610 | 2 | 0 | |a odpad komunálny |
| 610 | 2 | 0 | |a legislatíva |
| 610 | 2 | 0 | |a občania |
| 100 | 1 | |a Stričík, Michal, 1969- | |